[Event "Buenos Aires Faogba 36th"]
[Site "Buenos Aires"]
[Date "2019.11.28"]
[Round "7.12"]
[White "Zalla, Luca"]
[Black "Frangione, Francisco"]
[Result "1-0"]
[WhiteElo "1855"]
[BlackElo "1649"]
[PlyCount "63"]
[EventDate "2019.11.07"]
[EventType "swiss"]
[EventRounds "7"]
[EventCountry "ARG"]
[SourceTitle "EXT 2024"]
[Source "ChessBase"]
[SourceDate "2023.10.10"]
[SourceVersion "1"]
[SourceVersionDate "2023.10.10"]
[SourceQuality "1"]

1. d4 Nf6 2. Nf3 c5 3. Nc3 cxd4 4. Nxd4 d5 5. Bf4 a6 6. g3 g6 7. Bg2 Bg7 8. Nb3 e6 9. 0-0 0-0 10. Qd2 Nc6 11. Rad1 Na5 12. Nxa5 Qxa5 13. Nxd5 Qxa2 14. Nc7 Ra7 15. Qe3 b6 16. Qxb6 Rxc7 17. Qxc7 Nd5 18. Bxd5 exd5 19. Be5 f6 20. Bd4 Qa4 21. Bc5 Qc4 22. Rxd5 Qxd5 23. Bxf8 Bxf8 24. Qxc8 Kg7 25. Qxa6 h5 26. Qd3 Qe5 27. Ra1 h4 28. Ra7+ Kh6 29. Qd2+ g5 30. Qd3 f5 31. Ra6+ Kh5 32. g4+ 1-0

[Event "Buenos Aires Faogba 36th"]
[Site "Buenos Aires"]
[Date "2019.11.07"]
[Round "1.4"]
[White "Frangione, Francisco"]
[Black "Ostoich, Mariano Ivan"]
[Result "0-1"]
[WhiteElo "1649"]
[BlackElo "2172"]
[PlyCount "68"]
[EventDate "2019.11.07"]
[EventType "swiss"]
[EventRounds "7"]
[EventCountry "ARG"]
[SourceTitle "EXT 2024"]
[Source "ChessBase"]
[SourceDate "2023.10.10"]
[SourceVersion "1"]
[SourceVersionDate "2023.10.10"]
[SourceQuality "1"]

1. e4 c6 2. d4 d5 3. Nc3 dxe4 4. Nxe4 Bf5 5. Ng3 Bg6 6. Nf3 Nd7 7. Be2 e6 8. 0-0 Bd6 9. c4 Ngf6 10. Bg5 0-0 11. Nh4 Qc7 12. Nxg6 hxg6 13. Qc2 Rfe8 14. c5 Bf4 15. Bxf4 Qxf4 16. Rad1 Rad8 17. Bf3 Nf8 18. Ne2 Qh6 19. b4 g5 20. g3 g4 21. Bg2 N8h7 22. a4 Ng5 23. f4 gxf3 24. Bxf3 Nxf3+ 25. Rxf3 Ng4 26. Nf4 e5 27. h3 Ne3 28. Rxe3 exf4 29. Rxe8+ Rxe8 30. Qg2 Re3 31. gxf4 Qh4 32. Qf2 Rg3+ 33. Kf1 Qxh3+ 34. Ke1 Rg2 0-1

[Event "Moron Perez Cup U2200 sf"]
[Site "Moron"]
[Date "2019.08.03"]
[Round "5.11"]
[White "Minvielle, Nehuen Alexis"]
[Black "Frangione, Francisco"]
[Result "1-0"]
[WhiteElo "1384"]
[BlackElo "1692"]
[PlyCount "49"]
[EventDate "2019.07.29"]
[EventType "swiss"]
[EventRounds "6"]
[EventCountry "ARG"]
[SourceTitle "EXT 2024"]
[Source "ChessBase"]
[SourceDate "2023.10.10"]
[SourceVersion "1"]
[SourceVersionDate "2023.10.10"]
[SourceQuality "1"]

1. d4 Nf6 2. Bf4 c5 3. e3 d5 4. c3 cxd4 5. exd4 g6 6. Be2 Bg7 7. Nd2 Nc6 8. h3 a6 9. Ngf3 b5 10. 0-0 0-0 11. Ne5 Qb6 12. Qb3 e6 13. a4 Na5 14. Qb4 Rd8 15. axb5 axb5 16. Qxb5 Qxb5 17. Bxb5 Nh5 18. Bh2 Bxe5 19. Bxe5 Bb7 20. Bc7 Nb3 21. Nxb3 Rdc8 22. Rxa8 Bxa8 23. Bh2 Kg7 24. Ra1 Rb8 25. Bxb8 1-0

[Event "Buenos Aires Faogba 35th"]
[Site "Buenos Aires"]
[Date "2018.11.13"]
[Round "1.4"]
[White "Lalanne, Pablo"]
[Black "Frangione, Francisco"]
[Result "1-0"]
[WhiteElo "2208"]
[BlackElo "1693"]
[PlyCount "111"]
[EventDate "2018.11.13"]
[EventType "swiss"]
[EventRounds "7"]
[EventCountry "ARG"]
[SourceTitle "EXT 2024"]
[Source "ChessBase"]
[SourceDate "2023.10.10"]
[SourceVersion "1"]
[SourceVersionDate "2023.10.10"]
[SourceQuality "1"]

1. e4 c5 2. Nf3 Nc6 3. d4 cxd4 4. Nxd4 g6 5. c4 Bg7 6. Be3 d6 7. Nc3 Nf6 8. Be2 a6 9. 0-0 0-0 10. Rc1 Bd7 11. Qd2 Rc8 12. f3 Ne5 13. b3 Nc6 14. Rfd1 Ne8 15. Nd5 Nxd4 16. Bxd4 Bxd4+ 17. Qxd4 e5 18. Qd2 Kg7 19. a4 h6 20. a5 Qg5 21. Qb2 Kh7 22. b4 Ba4 23. Rd3 Bd7 24. Nb6 Rd8 25. Rcd1 Bh3 26. Bf1 f5 27. f4 exf4 28. Rxh3 fxe4 29. Qe2 Nf6 30. Nd5 Rde8 31. Nxf6+ Qxf6 32. Qg4 h5 33. Qd7+ Re7 34. Qxd6 e3 35. Qxf6 Rxf6 36. Be2 Kh6 37. Rd4 Rff7 38. Rf3 Kg5 39. h4+ Kxh4 40. Rdxf4+ Rxf4 41. Rxf4+ Kg5 42. g3 Kh6 43. Kg2 Re6 44. Kf3 g5 45. Re4 Rd6 46. Kxe3 b6 47. axb6 Rxb6 48. c5 Rf6 49. Bc4 Kg7 50. Re7+ Kf8 51. Re6 Rf5 52. Rxa6 g4 53. Ra8+ Kg7 54. c6 Rf3+ 55. Kd4 Rf6 56. c7 1-0

[Event "Moron Philidor CC op 17th"]
[Site "Moron"]
[Date "2018.09.11"]
[Round "3"]
[White "Serratto, Ricardo Adolfo"]
[Black "Frangione, Francisco"]
[Result "0-1"]
[WhiteElo "1650"]
[BlackElo "1723"]
[PlyCount "56"]
[EventDate "2018.09.04"]
[EventType "swiss"]
[EventRounds "6"]
[EventCountry "ARG"]
[SourceTitle "CBM 186 Extra"]
[Source "ChessBase"]
[SourceDate "2018.08.24"]
[SourceVersion "1"]
[SourceVersionDate "2018.08.24"]
[SourceQuality "1"]

1. e4 c5 2. Nf3 Nc6 3. Nc3 g6 4. d4 cxd4 5. Nxd4 Bg7 6. Be3 Nf6 7. Nxc6 bxc6 8. e5 Ng8 9. Bd4 Qc7 10. e6 f6 11. exd7+ Bxd7 12. Bc4 Nh6 13. Qf3 0-0-0 14. 0-0-0 Bg4 15. Nb5 Bxf3 16. Nxc7 Bxd1 17. Ne6 Rxd4 18. Nxd4 Bg4 19. Nxc6 e5 20. Nxa7+ Kb7 21. Nb5 e4 22. Nd6+ Kb6 23. Nxe4 Bf5 24. Nd6 Kc5 25. Nxf5 Nxf5 26. Bd3 Nd6 27. Re1 Re8 28. Rxe8 Nxe8 0-1

[Event "Moron Philidor CC op 17th"]
[Site "Moron"]
[Date "2018.09.06"]
[Round "2"]
[White "Frangione, Francisco"]
[Black "Granillo, Eloy Hernan"]
[Result "0-1"]
[WhiteElo "1723"]
[BlackElo "1423"]
[PlyCount "136"]
[EventDate "2018.09.04"]
[EventType "swiss"]
[EventRounds "6"]
[EventCountry "ARG"]
[SourceTitle "CBM 186 Extra"]
[Source "ChessBase"]
[SourceDate "2018.08.24"]
[SourceVersion "1"]
[SourceVersionDate "2018.08.24"]
[SourceQuality "1"]

1. e4 e5 2. Nf3 Nc6 3. Bc4 h6 4. a3 d6 5. h3 Nf6 6. Nc3 Bd7 7. d3 Be7 8. Bd2 a6 9. 0-0 Qc8 10. Nd5 Be6 11. Nh2 Qd7 12. c3 Na5 13. Ba2 Nc6 14. f4 Bxd5 15. exd5 Na7 16. fxe5 dxe5 17. Nf3 Bd6 18. d4 e4 19. Ne5 Qe7 20. Bf4 0-0-0 21. c4 g5 22. Bh2 h5 23. Rf5 g4 24. hxg4 hxg4 25. Qf1 Rh6 26. Bf4 Rh5 27. Bg5 Rdh8 28. Kf2 Bxe5 29. dxe5 Qc5+ 30. Ke2 Rh1 31. Qxh1 Rxh1 32. Rxh1 Qd4 33. Rd1 Qxb2+ 34. Rd2 Qxa3 35. Rxf6 Qg3 36. Kd1 Qxe5 37. Bh4 e3 38. Rc2 Qh5 39. g3 Qh7 40. c5 Qd3+ 41. Kc1 e2 42. Rxe2 Qxe2 43. Kb1 Qd3+ 44. Kb2 Qd4+ 45. Kb1 Qxc5 46. Rxf7 Nb5 47. Bb3 Qb4 48. Kb2 Nd4 49. Kc1 Nxb3+ 50. Kc2 Nd4+ 51. Kd3 Nf3 52. Rf4 Qb3+ 53. Ke4 Qc2+ 54. Ke3 Qb2 55. Ke4 Qd4+ 56. Kf5 Qxd5+ 57. Kxg4 Nxh4 58. gxh4 Qg8+ 59. Kf5 Qh7+ 60. Kg5 Qg7+ 61. Kf5 Qh6 62. Rg4 Qh5+ 63. Kf4 b5 64. Kg3 Qh8 65. Kf3 Qc3+ 66. Kf4 b4 67. h5 b3 68. h6 Qc1+ 0-1

[Event "Moron Faogba op"]
[Site "Moron"]
[Date "2018.03.15"]
[Round "7"]
[White "Wald, Gabriel"]
[Black "Frangione, Francisco"]
[Result "1-0"]
[WhiteElo "1837"]
[BlackElo "1781"]
[PlyCount "71"]
[EventDate "2018.03.03"]
[EventType "swiss"]
[EventRounds "7"]
[EventCountry "ARG"]
[SourceTitle "CBM 183 Extra"]
[Source "ChessBase"]
[SourceDate "2018.04.19"]
[SourceVersion "1"]
[SourceVersionDate "2018.04.19"]
[SourceQuality "1"]

1. d4 Nf6 2. c4 g6 3. Nc3 Bg7 4. e4 d6 5. Be2 0-0 6. Bg5 Nbd7 7. Nf3 c5 8. d5 a6 9. a4 h6 10. Bf4 Nh5 11. Be3 Nhf6 12. Qc1 Kh7 13. h3 Qc7 14. g4 g5 15. h4 Nxg4 16. Nxg5+ Kg8 17. Bxg4 Ne5 18. Be2 hxg5 19. Bxg5 f5 20. Bh6 e6 21. Rg1 Rf7 22. f4 Ng4 23. Bg5 e5 24. Bxg4 fxg4 25. f5 Bd7 26. Qe3 Qc8 27. 0-0-0 b5 28. Rxg4 Bxf5 29. exf5 Qxf5 30. Qe4 bxc4 31. Qxf5 Rxf5 32. Bh6 Ra7 33. Rdg1 Rff7 34. Bxg7 Rxg7 35. Rxg7+ Rxg7 36. Rxg7+ 1-0

[Event "Moron Faogba op"]
[Site "Moron"]
[Date "2018.03.10"]
[Round "5"]
[White "Amadeo, Pablo"]
[Black "Frangione, Francisco"]
[Result "1-0"]
[WhiteElo "1663"]
[BlackElo "1781"]
[PlyCount "57"]
[EventDate "2018.03.03"]
[EventType "swiss"]
[EventRounds "7"]
[EventCountry "ARG"]
[SourceTitle "CBM 183 Extra"]
[Source "ChessBase"]
[SourceDate "2018.04.19"]
[SourceVersion "1"]
[SourceVersionDate "2018.04.19"]
[SourceQuality "1"]

1. d4 Nf6 2. Bg5 c5 3. Bxf6 gxf6 4. d5 d6 5. c4 Bg7 6. Nc3 e5 7. dxe6 fxe6 8. e4 Nc6 9. Qh5+ Ke7 10. 0-0-0 a6 11. Nf3 Qe8 12. Qh4 Qg6 13. Kb1 h5 14. h3 Bd7 15. Bd3 Kf7 16. e5 f5 17. exd6 Nb4 18. Qe7+ Kg8 19. Qxd7 Bxc3 20. bxc3 Qf6 21. cxb4 Rh7 22. Qa4 cxb4 23. Qxb4 b5 24. c5 Rb7 25. c6 Rb6 26. Qc5 Rc8 27. Qxb6 Qc3 28. Qd4 Qxc6 29. Rc1 1-0

[Event "Moron Faogba op"]
[Site "Moron"]
[Date "2018.03.10"]
[Round "4"]
[White "Frangione, Francisco"]
[Black "Arellano Becerra, Kleber Alberto"]
[Result "1-0"]
[WhiteElo "1781"]
[BlackElo "1580"]
[PlyCount "27"]
[EventDate "2018.03.03"]
[EventType "swiss"]
[EventRounds "7"]
[EventCountry "ARG"]
[SourceTitle "CBM 183 Extra"]
[Source "ChessBase"]
[SourceDate "2018.04.19"]
[SourceVersion "1"]
[SourceVersionDate "2018.04.19"]
[SourceQuality "1"]

1. e4 c5 2. Nf3 a6 3. d4 e6 4. c4 b5 5. cxb5 axb5 6. Bxb5 Qa5+ 7. Nc3 Nf6 8. Bd2 cxd4 9. Nxd4 Bc5 10. Nb3 Qb6 11. Nxc5 Qxc5 12. 0-0 Nxe4 13. Nxe4 Qxb5 14. Nd6+ 1-0

[Event "Moron Faogba op"]
[Site "Moron"]
[Date "2018.03.08"]
[Round "3"]
[White "Uncal, Jose"]
[Black "Frangione, Francisco"]
[Result "1-0"]
[WhiteElo "1976"]
[BlackElo "1781"]
[PlyCount "27"]
[EventDate "2018.03.03"]
[EventType "swiss"]
[EventRounds "7"]
[EventCountry "ARG"]
[SourceTitle "CBM 183 Extra"]
[Source "ChessBase"]
[SourceDate "2018.04.19"]
[SourceVersion "1"]
[SourceVersionDate "2018.04.19"]
[SourceQuality "1"]

1. e4 c5 2. Nf3 Nc6 3. d4 b6 4. Nc3 g6 5. Be3 d6 6. Bc4 Bg7 7. dxc5 bxc5 8. Bxf7+ Kd7 9. Qd5 Bxc3+ 10. bxc3 Bb7 11. e5 Qa5 12. 0-0 Qxc3 13. exd6 Nd4 14. Ne5+ 1-0

[Event "Moron Faogba op"]
[Site "Moron"]
[Date "2018.03.03"]
[Round "1"]
[White "Barrionuevo, Pablo"]
[Black "Frangione, Francisco"]
[Result "1-0"]
[WhiteElo "2252"]
[BlackElo "1781"]
[PlyCount "63"]
[EventDate "2018.03.03"]
[EventType "swiss"]
[EventRounds "7"]
[EventCountry "ARG"]
[SourceTitle "CBM 183 Extra"]
[Source "ChessBase"]
[SourceDate "2018.04.19"]
[SourceVersion "1"]
[SourceVersionDate "2018.04.19"]
[SourceQuality "1"]

1. e4 c5 2. Nf3 Nc6 3. d4 cxd4 4. Nxd4 d6 5. Nc3 g6 6. Bc4 Bg7 7. Be3 Nf6 8. f3 a6 9. Qd2 Bd7 10. 0-0-0 b5 11. Bb3 Na5 12. Kb1 Rc8 13. g4 Nxb3 14. cxb3 Qa5 15. g5 Nh5 16. a3 0-0 17. Nd5 Qd8 18. Ne2 Bh3 19. Ng3 e6 20. Nxh5 gxh5 21. Nf4 b4 22. a4 d5 23. Nxh3 dxe4 24. Qxb4 Qc7 25. Qxe4 Bxb2 26. Kxb2 Qc3+ 27. Ka2 Rb8 28. Rb1 Rfd8 29. Rhc1 Qa5 30. Nf4 Rb4 31. Rc4 Rdb8 32. Rxb4 1-0

[Event "Buenos Aires Philidor CC op"]
[Site "Buenos Aires"]
[Date "2017.11.07"]
[Round "1"]
[White "Arias, Leonardo"]
[Black "Frangione, Francisco"]
[Result "0-1"]
[WhiteElo "1702"]
[BlackElo "1938"]
[PlyCount "42"]
[EventDate "2017.11.07"]
[EventType "swiss"]
[EventRounds "7"]
[EventCountry "ARG"]
[SourceTitle "CBM 181 Extra"]
[Source "ChessBase"]
[SourceDate "2017.12.12"]
[SourceVersion "1"]
[SourceVersionDate "2017.12.12"]
[SourceQuality "1"]

1. d4 Nf6 2. Nf3 c5 3. Bf4 cxd4 4. c3 dxc3 5. Nxc3 Nc6 6. e3 d6 7. Bb5 g6 8. Rc1 Bd7 9. 0-0 Bg7 10. h3 0-0 11. Qe2 a6 12. Bxc6 Bxc6 13. Rfd1 Qb6 14. b3 Rac8 15. Nd2 Qb4 16. Nc4 Nh5 17. a3 Qxb3 18. Na5 Qxa3 19. Nxc6 Rxc6 20. Nd5 Rxc1 21. Rxc1 Qxc1+ 0-1

[Event "Moron Philidor CC U2200 15th"]
[Site "Buenos Aires"]
[Date "2017.09.12"]
[Round "1"]
[White "Frangione, Francisco"]
[Black "Rasgido, Alejandro"]
[Result "0-1"]
[WhiteElo "1729"]
[BlackElo "1984"]
[PlyCount "100"]
[EventDate "2017.09.12"]
[EventType "swiss"]
[EventRounds "7"]
[EventCountry "ARG"]
[SourceTitle "CBM 180 Extra"]
[Source "ChessBase"]
[SourceDate "2017.10.06"]
[SourceVersion "1"]
[SourceVersionDate "2017.10.06"]
[SourceQuality "1"]

1. c4 c6 2. Nc3 d5 3. cxd5 cxd5 4. d4 Nc6 5. g3 Nf6 6. Nf3 a6 7. Bg2 Bf5 8. 0-0 e6 9. Bg5 Be7 10. Nh4 Bg4 11. a3 h6 12. Bc1 b5 13. h3 Bh5 14. Nf3 0-0 15. Bf4 Bg6 16. Rc1 Rc8 17. g4 Ne4 18. e3 Na5 19. Nxe4 dxe4 20. Nd2 Qd5 21. b4 Nc4 22. Nxc4 Rxc4 23. Qe2 Rfc8 24. Qb2 Qc6 25. Rxc4 Qxc4 26. Rd1 Bh4 27. f3 Qd5 28. Qe2 exf3 29. Qxf3 Qb3 30. e4 Rc3 31. Qe2 Qxa3 32. d5 exd5 33. exd5 Qxb4 34. Bd2 Qd4+ 35. Kh1 Rd3 36. Bf3 b4 37. Bc1 Rxd1+ 38. Qxd1 Qxd1+ 39. Bxd1 Be4+ 40. Kg1 Bxd5 41. Bd2 a5 42. Kf1 Bc4+ 43. Kg2 Kf8 44. Kf3 Ke7 45. Ke4 Ke6 46. Kd4 Bd5 47. Kc5 b3 48. g5 Bxg5 49. Bxg5 b2 50. Bg4+ f5 0-1

[Event "Philidor CC op 14th"]
[Site "Moron"]
[Date "2017.07.29"]
[Round "7"]
[White "Migliavacca, Carlos"]
[Black "Frangione, Francisco"]
[Result "0-1"]
[WhiteElo "1876"]
[BlackElo "1726"]
[PlyCount "128"]
[EventDate "2017.07.18"]
[EventType "swiss"]
[EventRounds "7"]
[EventCountry "ARG"]
[SourceTitle "EXT 2019"]
[Source "ChessBase"]
[SourceDate "2018.10.10"]
[SourceVersion "1"]
[SourceVersionDate "2018.10.10"]
[SourceQuality "1"]

1. e4 c5 2. Nf3 Nc6 3. d4 cxd4 4. Nxd4 Nf6 5. Nc3 g6 6. Be3 d6 7. Be2 Bg7 8. 0-0 0-0 9. Kh1 Bd7 10. f4 a6 11. a4 Rc8 12. Ra3 Na5 13. h3 Nc4 14. Bxc4 Rxc4 15. a5 Qc8 16. Kh2 Bc6 17. Qd3 Bb5 18. Ndxb5 axb5 19. Nxb5 Rxc2 20. Rc3 Rxc3 21. Nxc3 Qc6 22. Rc1 Qd7 23. b4 Rc8 24. Bd4 Bh6 25. Rf1 e5 26. Be3 exf4 27. Bxf4 Bg7 28. Nb5 d5 29. exd5 Qxd5 30. Qxd5 Nxd5 31. Bd6 Rc4 32. Rb1 f5 33. Rb3 Kf7 34. Na3 Rc6 35. Bg3 g5 36. b5 Rc1 37. Rd3 Ke6 38. a6 bxa6 39. bxa6 Rc8 40. Nb5 f4 41. Bf2 Be5 42. a7 h5 43. Rb3 g4 44. hxg4 hxg4 45. Bc5 g3+ 46. Kh3 Kf5 47. Nd4+ Ke4 48. Ne6 Nf6 49. Nf8 Kf5 50. Rb1 Ne4 51. Be7 Ra8 52. Rb7 Nf2+ 53. Kh4 f3 54. gxf3 g2 55. Rb1 Rxa7 56. Bc5 Bf6+ 57. Kh5 Ra2 58. Be3 Be7 59. Rb5+ Kf6 60. Rb1 Bxf8 61. Rb6+ Ke5 62. Rb5+ Kd6 63. Rb6+ Kd5 64. Rb1 Nh3 0-1

[Event "Moron Philidor CC 13th"]
[Site "Moron"]
[Date "2017.05.09"]
[Round "1.8"]
[White "Frangione, Francisco"]
[Black "Edgar, Roberto"]
[Result "0-1"]
[WhiteElo "1730"]
[BlackElo "1943"]
[PlyCount "148"]
[EventDate "2017.05.09"]
[EventType "swiss"]
[EventRounds "7"]
[EventCountry "ARG"]
[SourceTitle "EXT 2024"]
[Source "ChessBase"]
[SourceDate "2023.10.10"]
[SourceVersion "1"]
[SourceVersionDate "2023.10.10"]
[SourceQuality "1"]

1. e4 Nf6 2. e5 Nd5 3. Nf3 d6 4. Bc4 dxe5 5. Nxe5 c6 6. 0-0 Bf5 7. d4 e6 8. Re1 Be7 9. c3 Nd7 10. Nf3 0-0 11. Nbd2 N7f6 12. h3 h6 13. Ne5 c5 14. Ndf3 Rc8 15. Bd3 Bxd3 16. Qxd3 cxd4 17. Nxd4 a6 18. Qe2 Qc7 19. Ng4 Nxg4 20. Qxg4 Nf6 21. Qe2 Bd6 22. Bd2 Bf4 23. Rad1 Bxd2 24. Rxd2 Nd5 25. Nxe6 Nxc3 26. bxc3 fxe6 27. Qxe6+ Kh8 28. Rd7 Qxc3 29. Re3 Qb2 30. Re2 Qc1+ 31. Re1 Qb2 32. Qe2 Rc2 33. Qe5 Qxe5 34. Rxe5 Rfxf2 35. g4 Rg2+ 36. Kf1 Rcf2+ 37. Ke1 Rxa2 38. Kf1 Rgb2 39. Re8+ Kh7 40. Ree7 Ra1+ 41. Re1 Rxe1+ 42. Kxe1 a5 43. h4 a4 44. Rd4 b5 45. Kd1 a3 46. Kc1 b4 47. h5 Kg8 48. Rd8+ Kf7 49. Rd7+ Kf8 50. Rd8+ Ke7 51. Ra8 Rg2 52. Ra7+ Kf6 53. Ra6+ Ke5 54. Kb1 Rxg4 55. Ka2 Kd4 56. Kb3 Kc5 57. Ra5+ Kb6 58. Ra8 Kb5 59. Rb8+ Kc5 60. Rc8+ Kd5 61. Rd8+ Ke5 62. Ra8 Kf6 63. Ra6+ Kg5 64. Ra5+ Kh4 65. Ka2 Rg2+ 66. Ka1 Rg5 67. Ra7 Kxh5 68. Ka2 Rg4 69. Kb3 g5 70. Ra6 Rf4 71. Ra5 Kh4 72. Ra8 h5 73. Rh8 g4 74. Rg8 Kg3 0-1

[Event "Moron Philidor CC U2200"]
[Site "Moron"]
[Date "2016.09.22"]
[Round "6"]
[White "Frangione, Francisco"]
[Black "Ruiz Diaz, Alfredo"]
[Result "1-0"]
[WhiteElo "1728"]
[BlackElo "1853"]
[PlyCount "85"]
[EventDate "2016.09.13"]
[EventType "swiss"]
[EventRounds "7"]
[EventCountry "ARG"]
[SourceTitle "CBM 174 Extra"]
[Source "ChessBase"]
[SourceDate "2016.10.10"]
[SourceVersion "1"]
[SourceVersionDate "2016.10.10"]
[SourceQuality "1"]

1. e4 e5 2. Nf3 Nc6 3. Bb5 a6 4. Ba4 Nf6 5. d3 d6 6. h3 Be7 7. c3 0-0 8. 0-0 h6 9. Be3 b5 10. Bc2 b4 11. Ba4 bxc3 12. Nxc3 Bd7 13. Rc1 Na7 14. Bb3 Nb5 15. Ne2 Be6 16. Ng3 c5 17. a4 Nd4 18. Bxd4 cxd4 19. Bxe6 fxe6 20. Qb3 Qd7 21. Rc2 Rab8 22. Qa2 Rb4 23. b3 Rfb8 24. Nd2 d5 25. Rfc1 R8b7 26. Rc6 R4b6 27. Rc8+ Kh7 28. Qc2 Bb4 29. Nf3 Bd6 30. Nd2 dxe4 31. dxe4 Bb4 32. Ngf1 Bc3 33. Rc4 Qd6 34. Rxc3 dxc3 35. Nc4 Qd4 36. Nxb6 Rxb6 37. Qxc3 Nxe4 38. Qc2 Kg8 39. Rd1 Qb4 40. Rd8+ Kf7 41. Qc7+ Kg6 42. Qc2 h5 43. Ng3 1-0

[Event "Buenos Aires Perez Cup"]
[Site "Buenos Aires"]
[Date "2016.05.17"]
[Round "5"]
[White "Frangione, Francisco"]
[Black "Roguin, Nestor H"]
[Result "1-0"]
[WhiteElo "1683"]
[BlackElo "1926"]
[PlyCount "83"]
[EventDate "2016.05.10"]
[EventType "swiss"]
[EventRounds "7"]
[EventCountry "ARG"]
[SourceTitle "CBM 172 Extra"]
[Source "ChessBase"]
[SourceDate "2016.06.21"]
[SourceVersion "1"]
[SourceVersionDate "2016.06.21"]
[SourceQuality "1"]

1. e4 c5 2. Nf3 Nc6 3. d4 cxd4 4. Nxd4 Nf6 5. Nc3 e5 6. Ndb5 d6 7. a4 a6 8. Na3 Be7 9. f3 0-0 10. Be3 Be6 11. Bc4 Rc8 12. Qd2 Nb4 13. 0-0 Bxc4 14. Nxc4 Rxc4 15. b3 Rc8 16. Rfd1 Qc7 17. Ne2 d5 18. c3 d4 19. cxd4 exd4 20. Bf4 Qd7 21. Ng3 Rc2 22. Qe1 Rfc8 23. Nf5 d3 24. Qg3 g6 25. Nh6+ Kg7 26. Nf5+ Kf8 27. Nxe7 Qd4+ 28. Kh1 Kxe7 29. Be5 Qb6 30. Qg5 Re2 31. Bf4 Kf8 32. Be5 Rc6 33. a5 Qf2 34. Rf1 d2 35. Rxf2 Rc1+ 36. Rxc1 Re1+ 37. Rf1 dxc1Q 38. Qxc1 Rxc1 39. Rxc1 Nd3 40. Rc8+ Ke7 41. Bxf6+ Kxf6 42. Rc7 1-0

[Event "Buenos Aires Perez Cup"]
[Site "Buenos Aires"]
[Date "2016.05.14"]
[Round "4"]
[White "Saez, Diego"]
[Black "Frangione, Francisco"]
[Result "0-1"]
[WhiteElo "1841"]
[BlackElo "1683"]
[PlyCount "29"]
[EventDate "2016.05.10"]
[EventType "swiss"]
[EventRounds "7"]
[EventCountry "ARG"]
[SourceTitle "CBM 172 Extra"]
[Source "ChessBase"]
[SourceDate "2016.06.21"]
[SourceVersion "1"]
[SourceVersionDate "2016.06.21"]
[SourceQuality "1"]

1. e4 c5 2. Nf3 Nc6 3. d4 cxd4 4. Nxd4 Nf6 5. Nc3 g6 6. Be3 Bg7 7. f3 0-0 8. Qd2 d5 9. 0-0-0 dxe4 10. Nxe4 Nxe4 11. fxe4 Ne5 12. Bd3 a6 13. Qe2 Qa5 14. Kb1 b5 15. Bc4 0-1

[Event "Buenos Aires Perez Cup"]
[Site "Buenos Aires"]
[Date "2016.05.10"]
[Round "1"]
[White "Frangione, Francisco"]
[Black "Rasgido, Alejandro"]
[Result "0-1"]
[WhiteElo "1683"]
[BlackElo "2003"]
[PlyCount "110"]
[EventDate "2016.05.10"]
[EventType "swiss"]
[EventRounds "7"]
[EventCountry "ARG"]
[SourceTitle "CBM 172 Extra"]
[Source "ChessBase"]
[SourceDate "2016.06.21"]
[SourceVersion "1"]
[SourceVersionDate "2016.06.21"]
[SourceQuality "1"]

1. Nf3 d5 2. d4 c5 3. c3 Nc6 4. a3 cxd4 5. cxd4 a6 6. Nc3 Nf6 7. g3 b5 8. b4 Bb7 9. Bg2 e6 10. Bg5 Be7 11. 0-0 0-0 12. Rc1 Re8 13. e3 Rc8 14. Nd2 h6 15. Bxf6 Bxf6 16. Nb3 a5 17. Nc5 Re7 18. Nxb5 axb4 19. axb4 Rb8 20. Qa4 Nxb4 21. Qxb4 Bc6 22. Nxe6 Rxe6 23. Rc5 Be7 24. Rfc1 Rxb5 25. Qxb5 Bxb5 26. Rc8 Qxc8 27. Rxc8+ Bf8 28. Bxd5 Ra6 29. Rc7 Be8 30. Rc8 Bd7 31. Rc7 Rd6 32. Bf3 Bh3 33. Bg2 Be6 34. Bf3 Ra6 35. Kg2 Bd6 36. Rc6 Rxc6 37. Bxc6 f5 38. f3 g5 39. e4 f4 40. e5 Bb4 41. gxf4 gxf4 42. d5 Bf5 43. Kf2 Kf8 44. Ke2 h5 45. Bb5 Bc3 46. e6 Ke7 47. Bc4 Bd4 48. Bb3 h4 49. Bc4 Kd6 50. Bd3 Bh3 51. Bc4 Bg2 52. Kd3 Bg1 53. Ke4 Bxh2 54. Kf5 h3 55. Kf6 Bg3 0-1

[Event "Buenos Aires U2200"]
[Site "Buenos Aires"]
[Date "2015.10.20"]
[Round "1.6"]
[White "Frangione, Francisco"]
[Black "Rodriguez, Gabriel Alberto"]
[Result "0-1"]
[WhiteElo "1655"]
[BlackElo "1999"]
[PlyCount "92"]
[EventDate "2015.10.20"]
[EventType "swiss"]
[EventRounds "7"]
[EventCountry "ARG"]
[SourceTitle "EXT 2024"]
[Source "ChessBase"]
[SourceDate "2023.10.10"]
[SourceVersion "1"]
[SourceVersionDate "2023.10.10"]
[SourceQuality "1"]

1. Nf3 Nf6 2. d4 e6 3. c4 Bb4+ 4. Nc3 0-0 5. Qc2 d5 6. a3 Bxc3+ 7. bxc3 Ne4 8. cxd5 exd5 9. g3 Bf5 10. Nh4 Qf6 11. Nxf5 Qxf5 12. e3 Nxg3 13. Bd3 Ne4 14. Rf1 Qf3 15. Be2 Qf6 16. Bb2 Nd7 17. 0-0-0 Rfe8 18. f3 Nd6 19. Bd3 Rxe3 20. Qg2 Rae8 21. Kb1 Nc4 22. Bxc4 dxc4 23. Rf2 Re1 24. Rfd2 Qf5+ 25. Kc1 Qf4 26. Qf2 R1e2 27. Qg3 Qf5 28. Qg4 Qb5 29. f4 Nf6 30. Qxe2 Rxe2 31. Rxe2 g6 32. Re5 Qd7 33. Rde1 Qg4 34. Kb1 Qxf4 35. Bc1 Qxh2 36. Bg5 Ng4 37. R5e4 h5 38. d5 Qf2 39. Be7 Qf5 40. Kb2 Qxd5 41. R1e2 Nf2 42. R4e3 Nd1+ 43. Kc2 Nxe3+ 44. Rxe3 f5 45. Bf6 f4 46. Re7 Qf5+ 0-1